| 000 | 00647nam a22001817a 4500 | ||
|---|---|---|---|
| 005 | 20241126124634.0 | ||
| 008 | 241126b |||||||| |||| 00| 0 eng d | ||
| 020 | _a9780534408565 | ||
| 050 |
_aQC23 _b.S46 |
||
| 100 | _aGordon, John R. | ||
| 245 |
_aPhysics for scientists & engineers with modern physics/ _bstudent solutions manual & study guide for Serway and Jewett's, Volume 2 _cJohn R. Gordon, Ralph V. McGrew & Raymond A. Serway |
||
| 250 | _a6th ed. | ||
| 260 |
_aAustralia _bThomson Brooks/Cole _c2004 |
||
| 300 |
_a376p. _bill. _c27.5cm |
||
| 700 | _aMcGrew, Ralph V. | ||
| 700 | _aSerway, Raymond A. | ||
| 942 |
_2lcc _cBK _e6th ed. Vol 2 _n0 |
||
| 999 |
_c1561 _d1561 |
||